000 00443nam a2200169Ia 4500
008 151213s9999 xx 000 0 und d
082 _a368.01
_b368.01
100 _aAzizul Haq Chaudhuri
245 _aElements of Insurance
_cAzizul Haq Chaudhuri
250 _a1st
260 _aDhaka
_bBangladesh Insurance Academy
_c1981
300 _a9831 p.
650 _aFinance
650 _aFinance
700 _aAzizul Haq Chaudhuri
999 _c4803
_d4803